UBT Library

Cultural diversity in health and illness / (Record no. 44705)

000 -LEADER
fixed length control field 01003cam a22003134a 4500
001 - CONTROL NUMBER
control field 15295824
005 - DATE AND TIME OF LATEST TRANSACTION
control field 20180312060213.0
008 - FIXED-LENGTH DATA ELEMENTS--GENERAL INFORMATION
fixed length control field 080507s2009 njua b 001 0 eng
010 ## - LIBRARY OF CONGRESS CONTROL NUMBER
LC control number 2008020984
016 7# - NATIONAL BIBLIOGRAPHIC AGENCY CONTROL NUMBER
Record control number 101473406
Source DNLM
020 ## - INTERNATIONAL STANDARD BOOK NUMBER
International Standard Book Number 9780135035894
020 ## - INTERNATIONAL STANDARD BOOK NUMBER
International Standard Book Number 0135035899
035 ## - SYSTEM CONTROL NUMBER
System control number (OCoLC)228114867
035 ## - SYSTEM CONTROL NUMBER
System control number (OCoLC)ocn228114867
040 ## - CATALOGING SOURCE
Original cataloging agency DNLM/DLC
Transcribing agency DLC
Modifying agency NLM
-- BAKER
-- BTCTA
-- C#P
-- YDXCP
-- BWX
-- CDX
-- DLC
041 ## - LANGUAGE CODE
Language code of text/sound track or separate title eng
042 ## - AUTHENTICATION CODE
Authentication code pcc
043 ## - GEOGRAPHIC AREA CODE
Geographic area code n-us---
060 00 - NATIONAL LIBRARY OF MEDICINE CALL NUMBER
Classification number WA 31
Item number S741c 2009
080 ## - UNIVERSAL DECIMAL CLASSIFICATION NUMBER
Universal Decimal Classification number 362.10425 SPE
082 00 - DEWEY DECIMAL CLASSIFICATION NUMBER
Classification number 362.10425 SPE
Edition number 22
100 1# - Rafti
Rafti 4
101 ## - Shkurtesa
Shkurtesa SHM
245 10 - TITLE STATEMENT
Title Cultural diversity in health and illness /
Statement of responsibility, etc Rachel E. Spector.
504 ## - BIBLIOGRAPHY, ETC. NOTE
Bibliography, etc Includes bibliographical references (p. 375-394) and index.
906 ## - LOCAL DATA ELEMENT F, LDF (RLIN)
a 7
b cbc
c orignew
d 1
e ecip
f 20
g y-gencatlg
942 ## - ADDED ENTRY ELEMENTS (KOHA)
Source of classification or shelving scheme
Item type Books
Holdings
Withdrawn status Lost status Source of classification or shelving scheme Damaged status Not for loan Collection code Permanent location Current location Shelving location Date acquired Total Checkouts Full call number Barcode Date last seen Price effective from Koha item type
          Koleksioni i përgjithshem UBT - Lipjan UBT - Lipjan Koleksioni i përgjithshem 03/12/2018   362.10425 SPE 002-3001585 03/12/2018 03/12/2018 Books
UBT Library © 2015-2024. All rights reserved University Education for Business and Technology